00830cam a2200253 a 45000010008000000030012000080050017000200080041000370100017000780200026000950400022001210430012001430500024001550820027001791000033002062450033002392600037002723000035003095040051003446000028003956100051004236500047004746510055005213929208NUST - PNEC20170116181119.0920323s1991 enka b 001 0beng  a 92135620  a187218054X :c£16.99 aDLCcLIBRARYdDLC ae-uk---00aDA591.M33bA75 199100a941.0859092 ANDaB2201 aAnderson, Brucec(Columnist)10aJohn Major cBruce Anderson. aLondon :bFourth Estate,cc.1992 axiii, 324 p. :bill. ;c24 cm. aIncludes bibliographical references and index.10aMajor, John Roy,d1943-20aConservative Party (Great Britain)xBiography. 0aPrime ministerszGreat BritainxBiography. 0aGreat BritainxPolitics and governmenty1979-1997.